| 000 | 00585nam a22001577a 4500 | ||
|---|---|---|---|
| 003 | OSt | ||
| 005 | 20151116103528.0 | ||
| 008 | 151116b xxu||||| |||| 00| 0 eng d | ||
| 040 | _cRUA | ||
| 082 | _aFOR POL 2003 B143 Or.1 | ||
| 100 |
_93710 _aPOL, RAMO. |
||
| 245 | _astudy on shifting cultivation at santok district in kompong thom province (ការសិក្សាអំពីកសិកម្មពនេចរ នៅស្រុកសន្ទុក ខេត្តកំពង់ធំ) | ||
| 260 |
_aPhnom Penh _bRUA _c2003 |
||
| 300 |
_a41p. _bill. _c29cm. |
||
| 942 |
_2ddc _cFOR |
||
| 999 |
_c3455 _d3455 |
||